000
00299nam a2200097Ia 4500
082
_a
338.76100402568 TOPI
245
0
_a
Top ICTe companies
100
_a
Corporate Research Foundation (South Africa) Cape Town, 2005 4th ed
_9
59778
942
_c
BK
008
210817s9999 xx 000 0 und d
999
_c
187936
_d
187935